Familia, violencia y bioética desde la perspectiva de formación profesional de los alumnos de enfermería-obstetricia /

El aumento de la violencia intrafamiliar representada actualmente una amenaza que alerta a los profesionales de salud, moviéndolos a abordar este dilema con una postura bioética que requiere se una sólida formación, Estudios recientes señalan dos aspectos centrales: necesidad que los currículos univ...

Descripción completa

Detalles Bibliográficos
Autor principal: Arratia Figueroa, Alejandrina
Otros Autores: Navarro Tapia, Sandra
Formato: Analitica de revista
Lenguaje:español

MARC

LEADER 00000cab a2200000 a 4500
001 026125
003 UAHC_CL
005 20180808120810.0
008 051214b xx j 000 1 spa
952 |0 0  |1 0  |2 ddc  |4 0  |6 BOL___INVEST__EDUC_14_99_000000000000000  |7 0  |8 COMP  |9 52912  |a BC  |b BC  |c General  |d 2017-08-03  |l 0  |o BOL. INVEST. EDUC.-14/99  |r 2018-01-17 00:00:00  |w 2017-08-03  |y REVA 
999 |c 26125  |d 26125 
040 |a UAHC_CL  |c UAHC_CL  |d UAHC_CL 
100 1 |a Arratia Figueroa, Alejandrina 
245 1 0 |a Familia, violencia y bioética desde la perspectiva de formación profesional de los alumnos de enfermería-obstetricia /  |c Alejandrina Arratia, Sandra Navarro. 
500 |a Boletín de Investigación Educacional (Santiago) 1999. vol.14, p. 57-66 
520 |a El aumento de la violencia intrafamiliar representada actualmente una amenaza que alerta a los profesionales de salud, moviéndolos a abordar este dilema con una postura bioética que requiere se una sólida formación, Estudios recientes señalan dos aspectos centrales: necesidad que los currículos universitarios integren métodos efectivos, que favorezcan abordar el complejo problema y motiven el interés de parte de los alumnos por aprender más acerca del tema. A partir de este planteamiento, se propone como propósito, valorar conocimientos, actitudes y percepciones de alumnos de la carrera de Enfermería-Obstetricia, de la Pontificia Universidad Católica de Chile, que permiten apoyar la necesidad de una preparación amplia y fundamentación bioética que dirija su posterior desempeño, en un ambiente de respeto a la condición humana, dignidad y libertad de las personas. Se postula que una adecuada y oportuna intervención con los alumnos, logrará un impacto que los conduzca a sentir una práctica confortable, respaldada por principios bioéticos esenciales que, favorecerán un rol activo en la prevención, promoción e intervención y/o derivación oportuna de la atención de familias que sufren de violencia esto sugiere, la incorporación de estrategias curriculares que entreguen conocimientos, destrezas y habilidades para una adecuada intervención de Enfermería. 
700 1 |a Navarro Tapia, Sandra 
773 0 |t Boletín de Investigación Educacional.  |w 025995 
900 |a BOL. INVEST. EDUC.-14/99 
942 |c REVA  |2 ddc